| Tag |
First Indicator |
Second Indicator |
Subfields |
| LEADER |
00000cam a2200000Ia 4500 |
| 001 |
in00003736749 |
| 005 |
20190412191813.0 |
| 006 |
m o d |
| 007 |
cr cnu---auuuu |
| 008 |
090930s2009 njua ob 001 0 eng d |
| 019 |
|
|
|a 430350284
|a 505029213
|a 647807644
|a 815779463
|a 860403569
|
| 020 |
|
|
|a 9780470463710
|
| 020 |
|
|
|a 0470463716
|
| 020 |
|
|
|a 9780470463673
|q (electronic bk.)
|
| 020 |
|
|
|a 0470463678
|q (electronic bk.)
|
| 020 |
|
|
|a 1282137441
|
| 020 |
|
|
|a 9781282137448
|
| 020 |
|
|
|z 9780470448335
|q (cloth)
|
| 020 |
|
|
|z 0470448334
|q (cloth)
|
| 024 |
7 |
|
|a 10.1002/9780470463710
|2 doi
|
| 035 |
|
|
|a (OCoLC)ocn441886969
|
| 035 |
|
|
|a (OCoLC)441886969
|z (OCoLC)430350284
|z (OCoLC)505029213
|z (OCoLC)647807644
|z (OCoLC)815779463
|z (OCoLC)860403569
|
| 040 |
|
|
|a DG1
|b eng
|e pn
|c DG1
|d N$T
|d UBY
|d EBLCP
|d NRC
|d IDEBK
|d E7B
|d DG1
|d OCLCQ
|d MHW
|d OCLCQ
|d OUP
|d YDXCP
|d OCLCF
|d OCLCQ
|d NLGGC
|d DEBSZ
|d OCLCQ
|d COO
|d OCLCQ
|d DEBBG
|d IAS
|d TXA
|d UtOrBLW
|
| 043 |
|
|
|a n-us---
|
| 049 |
|
|
|a TXAM
|
| 050 |
|
4 |
|a RA591.7
|b .F74 2009eb
|
| 060 |
|
4 |
|a 2009 F-701
|
| 060 |
|
4 |
|a WU 11 AA1
|b F857f 2009
|
| 072 |
|
7 |
|a HEA
|x 028000
|2 bisacsh
|
| 072 |
|
7 |
|a MED
|x 078000
|2 bisacsh
|
| 072 |
|
7 |
|a MED
|x 036000
|2 bisacsh
|
| 072 |
|
7 |
|a MED
|x 022090
|2 bisacsh
|
| 072 |
|
7 |
|a MED
|x 035000
|2 bisacsh
|
| 072 |
|
7 |
|a HEA
|x 039040
|2 bisacsh
|
| 072 |
|
7 |
|a K
|2 bicssc
|
| 082 |
0 |
4 |
|a 362.19/76010973
|2 22
|
| 082 |
0 |
4 |
|a 616.98
|2 22
|
| 100 |
1 |
|
|a Freeze, R. Allan.
|0 http://id.loc.gov/authorities/names/n82033088
|
| 245 |
1 |
4 |
|a The fluoride wars :
|b how a modest public health measure became America's longest-running political melodrama /
|c R. Allan Freeze, Jay H. Lehr.
|
| 264 |
|
1 |
|a Hoboken, N.J. :
|b John Wiley & Sons,
|c [2009]
|
| 264 |
|
4 |
|c ©2009
|
| 300 |
|
|
|a 1 online resource (ix, 383 pages) :
|b illustrations
|
| 336 |
|
|
|a text
|b txt
|2 rdacontent
|
| 337 |
|
|
|a computer
|b c
|2 rdamedia
|
| 338 |
|
|
|a online resource
|b cr
|2 rdacarrier
|
| 504 |
|
|
|a Includes bibliographical references and index.
|
| 505 |
0 |
|
|a A story of our times -- A clash of absolutes -- A tale of two cities -- Two women -- The road to fluoridation -- Fluorophobia -- Look Ma. no cavities : fluoride and teeth -- Fluoride and health -- EPA and the MCLs -- Riding the tiger : the dosage issue -- Science and not science -- Money, motive, and risk -- The light at the end of the tunnel.
|
| 520 |
|
|
|a A lively account of fluoridation and its discontents. Since its first implementation in Grand Rapids, Michigan, in 1945, public drinking water fluoridation and its attendant conflicts, controversies, and conspiracy theories serve as an object lesson in American science, public health, and policymaking. In addition to the arguments on the issue still raging today, the tale of fluoridation and its discontents also resonates with such present concerns as genetically modified foods, global warming response, nuclear power, and environmental regulation. Offering the best current thinking on the issue, The Fluoride Wars presents a witty and detailed social history of the fluoridation debate in America, illuminating the intersection of science and politics in our recent past. This reader-friendly assessment explores the pro- and anti-fluoridation movements, key players, and important events.
|
| 588 |
0 |
|
|a Print version record.
|
| 500 |
|
|
|a Electronic resource.
|
| 650 |
|
0 |
|a Water
|x Fluoridation
|z United States
|x History.
|
| 650 |
|
0 |
|a Pressure groups
|z United States
|x History.
|
| 650 |
|
4 |
|a Fluoridation.
|
| 650 |
|
4 |
|a Pressure groups.
|
| 650 |
|
4 |
|a Water.
|
| 650 |
|
7 |
|a HEALTH & FITNESS
|x Health Care Issues.
|2 bisacsh
|
| 650 |
|
7 |
|a MEDICAL
|x Public Health.
|2 bisacsh
|
| 650 |
|
7 |
|a MEDICAL
|x Health Policy.
|2 bisacsh
|
| 650 |
|
7 |
|a MEDICAL
|x Infectious Diseases.
|2 bisacsh
|
| 650 |
|
7 |
|a MEDICAL
|x Health Care Delivery.
|2 bisacsh
|
| 650 |
|
7 |
|a HEALTH & FITNESS
|x Diseases
|x Contagious.
|2 bisacsh
|
| 650 |
|
7 |
|a Pressure groups.
|2 fast
|0 (OCoLC)fst01075954
|
| 650 |
|
7 |
|a Water
|x Fluoridation.
|2 fast
|0 (OCoLC)fst01171211
|
| 651 |
|
7 |
|a United States.
|2 fast
|0 (OCoLC)fst01204155
|
| 650 |
|
2 |
|a Fluoridation
|x history.
|0 https://id.nlm.nih.gov/mesh/D005457Q000266
|
| 650 |
|
2 |
|a Attitude to Health.
|0 https://id.nlm.nih.gov/mesh/D001294
|
| 650 |
|
2 |
|a Public Health.
|0 https://id.nlm.nih.gov/mesh/D011634
|
| 650 |
|
2 |
|a Public Opinion.
|0 https://id.nlm.nih.gov/mesh/D011639
|
| 650 |
|
2 |
|a Water Supply
|x history.
|0 https://id.nlm.nih.gov/mesh/D014881Q000266
|
| 651 |
|
2 |
|a United States.
|0 https://id.nlm.nih.gov/mesh/D014481
|
| 655 |
|
7 |
|a Electronic books.
|2 local
|
| 655 |
|
7 |
|a History.
|2 fast
|0 (OCoLC)fst01411628
|
| 700 |
1 |
|
|a Lehr, Jay H.,
|d 1936-
|0 http://id.loc.gov/authorities/names/n79093304
|
| 776 |
0 |
8 |
|i Print version:
|a Freeze, R. Allan.
|t Fluoride wars.
|d Hoboken, N.J. : John Wiley & Sons, ©2009
|z 9780470448335
|w (DLC) 2008045482
|w (OCoLC)261176227
|
| 830 |
|
0 |
|a Wiley Online Library.
|
| 856 |
4 |
0 |
|u http://proxy.library.tamu.edu/login?url=http://onlinelibrary.wiley.com/book/10.1002/9780470463710
|z Connect to the full text of this electronic book
|t 0
|
| 994 |
|
|
|a C0
|b TXA
|
| 948 |
|
|
|a cataloged
|b h
|c 2017/2/8
|d c
|e jlanham
|f 8:23:41 am
|
| 999 |
f |
f |
|s 665eb9d7-89bc-3c83-8cb0-f5cba9b2d8f7
|i 0a098feb-52ee-3b4b-a355-5f214ee9c045
|t 0
|
| 952 |
f |
f |
|a Texas A&M University
|b College Station
|c Electronic Resources
|d Available Online
|t 0
|e RA591.7 .F74 2009eb
|h Library of Congress classification
|
| 998 |
f |
f |
|a RA591.7 .F74 2009eb
|t 0
|l Available Online
|